<?xml version="1.0" encoding="UTF-8"?>
<record
    xmlns:xsi="http://www.w3.org/2001/XMLSchema-instance"
    xsi:schemaLocation="http://www.loc.gov/MARC21/slim http://www.loc.gov/standards/marcxml/schema/MARC21slim.xsd"
    xmlns="http://www.loc.gov/MARC21/slim">

  <leader>00386nam a22001577a 4500</leader>
  <controlfield tag="005">20221102114618.0</controlfield>
  <controlfield tag="008">221102b        sa ||||| |||| 00| 0 eng d</controlfield>
  <datafield tag="020" ind1=" " ind2=" ">
    <subfield code="a">9781430533788</subfield>
  </datafield>
  <datafield tag="040" ind1=" " ind2=" ">
    <subfield code="c">rda</subfield>
  </datafield>
  <datafield tag="082" ind1=" " ind2=" ">
    <subfield code="a">SWA JF YINI</subfield>
  </datafield>
  <datafield tag="245" ind1=" " ind2=" ">
    <subfield code="a">Yini Umdeni/</subfield>
  </datafield>
  <datafield tag="260" ind1=" " ind2=" ">
    <subfield code="b">Lectio Publishers,</subfield>
  </datafield>
  <datafield tag="300" ind1=" " ind2=" ">
    <subfield code="a">9 pages:</subfield>
    <subfield code="b">Illustrations;</subfield>
    <subfield code="c">20cm.</subfield>
  </datafield>
  <datafield tag="490" ind1=" " ind2=" ">
    <subfield code="x">97811430526827</subfield>
  </datafield>
  <datafield tag="942" ind1=" " ind2=" ">
    <subfield code="2">ddc</subfield>
    <subfield code="c">BOOK</subfield>
    <subfield code="w">169</subfield>
    <subfield code="x">Boniswa Ngcongolo</subfield>
    <subfield code="y">169</subfield>
    <subfield code="z">Boniswa Ngcongolo</subfield>
  </datafield>
  <datafield tag="999" ind1=" " ind2=" ">
    <subfield code="c">736535</subfield>
    <subfield code="d">736534</subfield>
  </datafield>
  <datafield tag="952" ind1=" " ind2=" ">
    <subfield code="0">0</subfield>
    <subfield code="1">0</subfield>
    <subfield code="2">ddc</subfield>
    <subfield code="4">0</subfield>
    <subfield code="7">0</subfield>
    <subfield code="8">F</subfield>
    <subfield code="a">ERMEL</subfield>
    <subfield code="b">CAROL</subfield>
    <subfield code="c">CHILD</subfield>
    <subfield code="d">2022-11-02</subfield>
    <subfield code="o">SWA KF YINI</subfield>
    <subfield code="p">33228031001059</subfield>
    <subfield code="r">2022-11-02</subfield>
    <subfield code="w">2022-11-02</subfield>
    <subfield code="y">BOOK</subfield>
  </datafield>
  <datafield tag="952" ind1=" " ind2=" ">
    <subfield code="0">0</subfield>
    <subfield code="1">0</subfield>
    <subfield code="2">ddc</subfield>
    <subfield code="4">0</subfield>
    <subfield code="7">0</subfield>
    <subfield code="8">F</subfield>
    <subfield code="a">STANRL</subfield>
    <subfield code="b">LEBOL</subfield>
    <subfield code="c">GEN</subfield>
    <subfield code="d">2023-12-21</subfield>
    <subfield code="g">235.00</subfield>
    <subfield code="l">0</subfield>
    <subfield code="o">SWA J F YINI</subfield>
    <subfield code="p">33228031007510</subfield>
    <subfield code="r">2023-12-21</subfield>
    <subfield code="w">2023-12-21</subfield>
    <subfield code="y">BOOK</subfield>
  </datafield>
</record>
